<?xml version="1.0" encoding="UTF-8"?>
<record
    xmlns:xsi="http://www.w3.org/2001/XMLSchema-instance"
    xsi:schemaLocation="http://www.loc.gov/MARC21/slim http://www.loc.gov/standards/marcxml/schema/MARC21slim.xsd"
    xmlns="http://www.loc.gov/MARC21/slim">

  <leader>00994nam a2200265 a 4500</leader>
  <controlfield tag="001">BRCA_1350</controlfield>
  <controlfield tag="005">20190320203404.0</controlfield>
  <controlfield tag="008">941110s1991    mx-a---###---#000-0#spa-#</controlfield>
  <datafield tag="020" ind1=" " ind2=" ">
    <subfield code="a">9686525009</subfield>
  </datafield>
  <datafield tag="041" ind1=" " ind2=" ">
    <subfield code="a">spa</subfield>
  </datafield>
  <datafield tag="044" ind1=" " ind2=" ">
    <subfield code="a">mx</subfield>
  </datafield>
  <datafield tag="050" ind1=" " ind2="4">
    <subfield code="a">N8070</subfield>
    <subfield code="b">.E83 1991</subfield>
  </datafield>
  <datafield tag="100" ind1="1" ind2=" ">
    <subfield code="a">Escalada, Xavier</subfield>
    <subfield code="c">S. J.</subfield>
    <subfield code="d">1918-2006</subfield>
    <subfield code="9">4420</subfield>
  </datafield>
  <datafield tag="245" ind1="1" ind2="0">
    <subfield code="a">Guadalupe</subfield>
    <subfield code="b">arte y esplendor</subfield>
    <subfield code="c">Xavier Escalada S. J.</subfield>
  </datafield>
  <datafield tag="250" ind1=" " ind2=" ">
    <subfield code="a">2</subfield>
  </datafield>
  <datafield tag="260" ind1=" " ind2=" ">
    <subfield code="a">[M&#xE9;xico]</subfield>
    <subfield code="b">Enciclopedia Guadalupana</subfield>
    <subfield code="c">[1991]</subfield>
  </datafield>
  <datafield tag="300" ind1=" " ind2=" ">
    <subfield code="a">178 p.</subfield>
    <subfield code="b">il. a color</subfield>
    <subfield code="c">31 cm.</subfield>
    <subfield code="e">un tr&#xED;ptico</subfield>
  </datafield>
  <datafield tag="500" ind1=" " ind2=" ">
    <subfield code="a">Contiene cuatro traducciones del n&#xE1;huatl al espa&#xF1;ol de Antonio Valeriano Nican Mopohua</subfield>
  </datafield>
  <datafield tag="500" ind1=" " ind2=" ">
    <subfield code="a">Incluye piezas de la colecci&#xF3;n Franz Mayer: p. 13, 80, 81, 82, 83, 93 y 96</subfield>
  </datafield>
  <datafield tag="650" ind1="1" ind2="4">
    <subfield code="a">Guadalupe, nuestra se&#xF1;ora de</subfield>
    <subfield code="x">Arte</subfield>
    <subfield code="9">4421</subfield>
  </datafield>
  <datafield tag="650" ind1="1" ind2="4">
    <subfield code="a">Arte cristiano y simbolismo</subfield>
    <subfield code="z">M&#xE9;xico</subfield>
    <subfield code="9">42</subfield>
  </datafield>
  <datafield tag="650" ind1="1" ind2="4">
    <subfield code="a">Guadalupe, nuestra se&#xF1;ora de</subfield>
    <subfield code="x">Culto</subfield>
    <subfield code="z">M&#xE9;xico</subfield>
    <subfield code="9">4422</subfield>
  </datafield>
  <datafield tag="700" ind1="1" ind2=" ">
    <subfield code="a">Valeriano, Antonio</subfield>
    <subfield code="d">ca. 1520-1605</subfield>
    <subfield code="t">Nic&#xAF;an mop&#xAF;ohua</subfield>
    <subfield code="9">4423</subfield>
  </datafield>
  <datafield tag="942" ind1=" " ind2=" ">
    <subfield code="2">lcc</subfield>
    <subfield code="c">B</subfield>
  </datafield>
  <datafield tag="999" ind1=" " ind2=" ">
    <subfield code="c">1213</subfield>
    <subfield code="d">1213</subfield>
  </datafield>
  <datafield tag="952" ind1=" " ind2=" ">
    <subfield code="0">0</subfield>
    <subfield code="1">0</subfield>
    <subfield code="4">0</subfield>
    <subfield code="7">0</subfield>
    <subfield code="a">BRCA</subfield>
    <subfield code="b">BRCA</subfield>
    <subfield code="d">2008-06-26</subfield>
    <subfield code="l">0</subfield>
    <subfield code="o">N8070 .E83 1991</subfield>
    <subfield code="p">01873</subfield>
    <subfield code="r">2019-03-22 00:00:00</subfield>
    <subfield code="w">2019-03-22</subfield>
    <subfield code="y">B</subfield>
  </datafield>
</record>
